Taraqi pasand tehreek -o- sahafat Muqalmaat (Record no. 7116)

000 -LEADER
fixed length control field 00360 a2200133 4500
082 ## - DEWEY DECIMAL CLASSIFICATION NUMBER
Classification number 070.4
090 ## - LOCALLY ASSIGNED LC-TYPE CALL NUMBER (OCLC); LOCAL CALL NUMBER (RLIN)
-- 3201
-- 3201
100 ## - MAIN ENTRY--PERSONAL NAME
Personal name Ahsan, Akhtar Naz.
245 ## - TITLE STATEMENT
Title Taraqi pasand tehreek -o- sahafat Muqalmaat
Statement of responsibility, etc. Ahsan Akhtar Naz.
260 ## - PUBLICATION, DISTRIBUTION, ETC.
Place of publication, distribution, etc. Lahore:
Name of publisher, distributor, etc. Al-Qamer Interprise,
Date of publication, distribution, etc. 2008.
300 ## - PHYSICAL DESCRIPTION
Extent 256 p. ;
Dimensions 24 cm.
650 ## - SUBJECT ADDED ENTRY--TOPICAL TERM
Topical term or geographic name entry element Journalism
942 ## - ADDED ENTRY ELEMENTS (KOHA)
Koha item type Book
Call number prefix 070.4 ASH
Holdings
Withdrawn status Lost status Source of classification or shelving scheme Damaged status Not for loan Permanent Location Current Location Shelving location Date acquired Source of acquisition Cost, normal purchase price Total Checkouts Full call number Barcode Date last seen Price effective from Koha item type
          Central Library (CL) Central Library (CL) First Floor - Journalism 08/06/2008 Donation 0.00   302.23 ASH SEECS009221 11/14/2012 01/05/2017 Book
© 2023 Central Library, National University of Sciences and Technology. All Rights Reserved.